• 首页
  • 本馆介绍
  • 公告通知
  • 最新文献
  • 馆藏检索
  • 电子资源
  • 读者导购
  • 参考咨询
  • 我的图书馆
  • 登录
  • 详细信息显示
  • 放入我的书架
  • 预约/预借图书
  • 作者相关作品
  • 分类相关作品
  • 丛书相关作品
  • 出版社相关作品

书目信息

  • 表格格式
  • 工作单格式
  • 卡片格式
题名:
魂游世界
    
 
作者: 海日汗 , 贾方舟 著
分册:  
出版信息: 武汉   湖北美术出版社  1999
页数: 71页
开本: 29cm
丛书名: 画室探访
单 册:
中图分类: J203
科图分类:
主题词: 彩墨画
电子资源:
ISBN: 7-5394-0857-X
000 01055oam2 2200301 45
001 0199061737
005 20050225100153.0
010    @a7-5394-0857-X@dCNY33.80
100    @a19991019d1999 em y0chiy0121 ea
101 0  @achi
102    @aCN@b420000
105    @aa z 000yd
200 1  @a魂游世界@Ahun you shi jie@e海日汗的艺术世界@EHai Ri Han De Yi Shu Shi Jie@f海日汗,贾方舟著@FHai Ri Han,Jia Fang Zhou Zhu
210    @a武汉@c湖北美术出版社@d1999
215    @a71页@c图@d29cm
225 2  @a画室探访@f申少君主编
330    @a本书内容包括:心灵世界的漫游者、画与人同、生命意识、宗教经验、恋母情绪、作画状态、风格特征、’98海日汗画展、海日汗自述、海日汗简历、作品点评、影响与参照。
410  0 @12001 @a画室探访
410    @1700 0@a申少君@AShen Shao Jun@4主编
517    @a海日汗的艺术世界@AHai Ri Han De Yi Shu Shi Jie
600  0 @a海日汗@x水墨画
600  0 @a海日汗@x生平事迹
606    @a彩墨画
690    @aJ203@v4
701  0 @a海日汗@4著
701  0 @a贾方舟@4著
801  0 @aCN@bNLC@c19991027
905    @b343461-463@dJ203@e257@f3
    
    魂游世界:海日汗的艺术世界/海日汗,贾方舟著.-武汉:湖北美术出版社,1999
    71页:图;29cm.-(画室探访/申少君主编)
    
    
    ISBN 7-5394-0857-X:CNY33.80
    本书内容包括:心灵世界的漫游者、画与人同、生命意识、宗教经验、恋母情绪、作画状态、风格特征、’98海日汗画展、海日汗自述、海日汗简历、作品点评、影响与参照。
●
相关链接 在E读中查询图书 在五车中查询图书 在当当中查询图书 在豆瓣中查询图书


正题名:魂游世界     索取号:J203/257         预约/预借

序号 登录号 条形码 馆藏地/架位号 状态 备注
1 0343461   203434612   第一样本阅览室/ [索取号:J203/257] 在馆    
2 0343462   203434621   第一借阅区/ [索取号:J203/257] 在馆    
3 0343463   203434630   第一借阅区/ [索取号:J203/257] 在馆    
唐山师范学院图书馆 欢迎您!
大连网信软件有限公司© 版权所有